Σχεδίαση διαδραστικότητας : επεκτείνοντας την αλληλεπίδραση ανθρώπου-υπολογιστή

Αποθηκεύτηκε σε:
Λεπτομέρειες βιβλιογραφικής εγγραφής
Κύριος συγγραφέας: Rogers, Yvonne
Άλλοι συγγραφείς: Sharp, Helen, Preece, Jenny, 1949-
Μορφή: Βιβλίο
Γλώσσα:Greek
English
Δημοσίευση: Αθήνα : Μ. Γκιούρδας, 2016.
Έκδοση:4η έκδ.
Θέματα:
Ετικέτες: Προσθήκη ετικέτας
Δεν υπάρχουν, Καταχωρήστε ετικέτα πρώτοι!

MARC

LEADER 00000cam a2200000 a 4500
001 1/112657
008 170113s2016####gr | ||| |||| ||gre||
020 |a 9789605126926 
040 |a GR-MyUa  |b gre  |c GR-MyUa  |e AACR2 
041 1 |a gre  |h eng 
082 7 |a 004.019   |2 (23)  
100 1 |a Rogers, Yvonne. 
245 1 0 |a Σχεδίαση διαδραστικότητας :   |b επεκτείνοντας την αλληλεπίδραση ανθρώπου-υπολογιστή /   |c Rogers [Yvonne], Sharp [Helen], Preece [Jenny] ; απόδοση Γιάννης Β. Σαμαράς.  
250 |a 4η έκδ.  
260 |a Αθήνα :   |b Μ. Γκιούρδας,   |c 2016.  
300 |a xv, 571 σ. :   |b εικ. ;   |c 24 εκ.  
504 |a Βιβλιογραφία: σ. [523]-552. Ευρετήριο.  
650 0 |a Human-computer interaction. 
700 1 |a Sharp, Helen. 
700 1 |a Preece, Jenny,   |d 1949- 
765 0 8 |i Μετάφραση του:   |t Interaction design :  
852 |a INST  |b SYROS  |c EUDOXUS  |e 20170113  |h 004.019 ROG  |p 005500012847  |q 005500012847  |t EDX  |y 0 
920 |a Εύδοξος  |b Παραγγελία  |y Σύρος-ΤΜΣΠΣ  |z 2017-01 
970 |a Κοντού  |b Παρασκευή  |z 13/01/2016